01539nam a2200373 a 4500001001200000003000800012006001900020007001500039008004100054010001700095020003600112020003500148020001800183020002700201040002100228035002100249043001200270050002400282082002100306100003000327245010500357260006700462300001900529440002900548504006600577505012000643533015200763650003200915650002900947655002900976710001701005856012601022999001701148ebr10641560CaPaEBRm u cr cn|||||||||040107s2004 paua sb s001 0 eng d z 2004040712 z0812238036 (cloth : alk. paper) z0812218795 (pbk. : alk. paper) z9780812218794 z9780812202700 (e-book) aCaPaEBRcCaPaEBR a(OCoLC)794702202 an-us---14aBF1573b.M34 2004eb04a299/.94/09732221 aMagliocco, Sabina,d1959-10aWitching cultureh[electronic resource] :bfolklore and neo-paganism in America /cSabina Magliocco. aPhiladelphia, Pa. :bUniversity of Pennsylvania Press,cc2004. a268 p. :bill. 0aContemporary ethnography aIncludes bibliographical references (p. [247]-255) and index.0 apt. I. Roots and branches -- pt. II. Religions of experience -- pt. III. Beyond experience : religion and identity. aElectronic reproduction.bPalo Alto, Calif. :cebrary,d2013.nAvailable via World Wide Web.nAccess may be limited to ebrary affiliated libraries. 0aNeopaganismzUnited States. 0aFolklorezUnited States. 7aElectronic books.2local2 aebrary, Inc.40uhttp://site.ebrary.com/lib/rucke/Doc?id=10641560zAn electronic book accessible through the World Wide Web; click to view c30846d30846